| 000 | 00460cam a2200145u 4500 | ||
|---|---|---|---|
| 082 |
_a973.7 _bWOO |
||
| 100 | 1 |
_aWood, Walter Birkbeck, _950665 |
|
| 245 | 1 | 4 | _aThe civil war in the United States. |
| 260 |
_aLondon, _bMethuen & co., ltd. _c[1937] |
||
| 300 |
_a2 p.l., vii-xix, 328 p. _billus. (plans) viii fold. maps. _c23 cm. |
||
| 526 |
_a0 _b0 _c0 _d973_700000000000000_WOO |
||
| 650 |
_aMCE _9379 |
||
| 700 | 1 |
_aEdmonds, James Edward, _949355 |
|
| 942 |
_2ddc _cBK |
||
| 999 |
_c553420 _d553420 |
||